000 01763nab a22003377a 4500
999 _c5619
_d5619
003 OSt
005 20251222225825.0
008 190429b xxu||||| |||| 00| 0 spa d
040 _cPJ
100 _95299
_aSosa Dopazo, David
245 1 3 _aEl silencio no es un sí :
_bla prueba del consentimiento en delitos sexuales desde una perspectiva de género /
_cDavid Sosa Dopazo.
260 _cCiudad Autónoma de Buenos Aires :
_aThomson Reuters La Ley,
_b2025.
300 _ap. 57-65
500 _aCita: TR LALEY AR/DOC/2846/2025.
505 _a Sumario: I. Introducción.— II. Violencia de género: concepto y función epistemológica.— III. La perspectiva de género en el proceso penal.— IV. El consentimiento.— V. Consentimiento y perspectiva de género.— VI. El fallo bajo análisis: consentimiento, resistencia física y prueba contextual.— VII. Conclusiones.
505 _aFallo comentado: JRec, Río Gallegos ~ 06/05/2025 ~ M. M. A. s/ amenazas calificadas, lesiones, daño y abuso sexual.
505 _tSi te interesa el texto completo, solicitalo a koha@justierradelfuego.gov.ar
650 0 _9343
_aDERECHO PENAL
650 0 _92902
_aDELITOS CONTRA LA INTEGRIDAD SEXUAL
650 0 _91975
_aPRUEBA
650 0 _9586
_aDEFENSA EN JUICIO
650 0 _9180
_aDEBIDO PROCESO
650 0 _92083
_aRECURSO DE APELACIÓN (PROCESAL)
650 0 _95585
_aCONSENTIMIENTO
650 0 _94885
_aDERECHOS DE LA VÍCTIMA
650 0 _93053
_aVIOLENCIA DE GÉNERO
650 0 _94044
_aPERSPECTIVA DE GÉNERO
650 0 _94885
_aDERECHOS DE LA VÍCTIMA
773 0 _02658
_93164
_tRevista de derecho penal y criminología. Nº 11 - Diciembre 2025
_dCiudad Autónoma de Buenos Aires : Thomson Reuters La Ley, 2017-
_x00347914
942 _2udc
_cANA